| 000 | 01032cam a22002651 4500 | ||
|---|---|---|---|
| 001 | 000018912 | ||
| 005 | 20200929165900.0 | ||
| 008 | 760927s1967 sp a 000 0dspa | ||
| 010 | _a68109023 | ||
| 035 | _a(OCoLC)2465682 | ||
| 040 |
_aDO-SdBNP _cTxHU _dOCoLC _dDLC |
||
| 042 | _apremarc | ||
| 050 | 0 | 0 |
_aF1960 _b.D5 1967 |
| 100 | 2 |
_aDiaz Montero, Anibal. _99833 |
|
| 245 | 1 | 0 |
_aHablando con ellos; : _b[entrevistas. |
| 250 | _a3. ed.] | ||
| 260 |
_aBarcelona, : _bEdiciones Rumbos, _c1967. |
||
| 300 |
_a107 p. : _billus. ; _c22 cm. |
||
| 505 | 0 | _aEl ultimo carrero de San Juan.--El ultimo coquero de Santurce.--La Nueva Esperanza.--El unico herrero que le queda a Santurce.--"Colorado" el boyero.--Un viejo cuidacarros.--El picapedrero de Vega Alta.--"Ponce," cuadrero del ayer.--Don Tele el pescador. | |
| 650 | 0 |
_aOccupations _zPuerto Rico. _940706 |
|
| 651 | 0 |
_aPuerto Rico _xSocial Life And Customs. _940707 |
|
| 651 | 0 |
_aPuerto Rico _vBiography. _940708 |
|
| 910 | _aCatalogación derivada / LC | ||
| 082 | _a917.295/03 | ||
| 999 |
_c18430 _d18430 |
||